=LDR 00000nam 2200000 4500 =001 INLIS000000000056674 =005 20200922073139 =035 ##$$a 0010-0920000305 =007 ta =008 200922###########################0#ind## =020 ##$$a 978-602-322-033-5 =082 ##$$a 636.39 =084 ##$$a 636.39 Suk s =245 1#$$a Sukses beternak kambing & domba /$c Pusat Perpustakaan dan Penyebaran Teknologi Pertanian =300 ##$$a 104 halaman : $b Ilustrasi ; $c 23 Cm. =650 #4$$a ternak kambing =264 ##$$a Bogor :$b Pertanian Republik Indonsia,$c 2019 =336 ##$$a teks$2 rdacontent =337 ##$$a lain-lain$2 rdamedia =338 ##$$a lain-lain$2 rdacarrier =990 ##$$a 04730473